| 000 | 00481nam a2200193Ia 4500 | ||
|---|---|---|---|
| 008 | 170918s9999 xx 000 0 und d | ||
| 020 | _a9780439140652 | ||
| 050 | _bC419 2000 | ||
| 100 | _aCervantes, Jesus | ||
| 245 | _aLet's go! / | ||
| 245 | _cby Jesus Cervantes ; photographs by Richard Hutchings. | ||
| 260 | _aNew York : | ||
| 260 | _bScholastic, | ||
| 260 | _c2000 | ||
| 300 | _a16 pages : | ||
| 300 | _bcolored illustration ; | ||
| 300 | _c26cm. | ||
| 500 | _aBR | ||
| 999 |
_c342877 _d342877 |
||